Dynamics of the firm : strategies of pricing and organisation

Αποθηκεύτηκε σε:
Λεπτομέρειες βιβλιογραφικής εγγραφής
Άλλοι συγγραφείς: Groenewegen, John 1949- (Επιμελητής έκδοσης)
Μορφή: Βιβλίο
Γλώσσα:English
Δημοσίευση: England : Edward Elgar, c1993
Θέματα:
Ετικέτες: Προσθήκη ετικέτας
Δεν υπάρχουν, Καταχωρήστε ετικέτα πρώτοι!

MARC

LEADER 00000nam a2200000 i 4500
001 1/72653
008 990316s1993 eng d
020 |a 1-85278-934-4 
035 |l 10048598 
040 |a GR-MY-UA  |b gre  |e aacr 
041 0 |a eng 
082 0 |a 338.5 
245 1 0 |a Dynamics of the firm :  |b strategies of pricing and organisation /  |c Edited by John Groenewegen 
260 |a England :   |b Edward Elgar,   |c c1993 
300 |a 171 p.  |b fig.; tabl. 
500 |a "On 13 Nov. 1992 The Dutch Association of Post Keynesian Studies organised its 13th annual conference on the 'Dynamics of the Firm'"-CIP galley 
504 |a Includes bibliographical references and index 
650 0 0 |a Transaction costs  |x Congresses. 
650 0 0 |a System analysis  |x Congresses. 
650 0 0 |a Industrial organization (Economic theory)  |x Congresses. 
650 0 0 |a Pricing  |x Congresses. 
650 0 0 |a Business enterprises  |x Case studies  |x Congresses. 
700 0 |a Groenewegen, John  |d 1949-  |4 edt 
852 |a INST  |b LESVOS  |e 19990316  |h 338.5 DYN  |p 005100016989  |q 005100016989  |t BK  |y 0 
901 |a BIBL-1999-1 
909 |a Λ  |b 061385 
922 |a 1ΕΛΗ  |b 199811  |c ΚΠΣ/ΤΚ  |d ΠΑΠΑΣΩΤΗΡΙΟΥ 
950 |a 103-1998-07-27